| 000 | 00980nam a22003137a 4500 | ||
|---|---|---|---|
| 003 | CHAP | ||
| 005 | 20220329133833.0 | ||
| 008 | 971013s1986 r 00010 d | ||
| 010 | _a11613 | ||
| 011 | _a12585 | ||
| 035 | _a15771 | ||
| 040 | _cCHAP | ||
| 082 |
_a338.19 _bM49 1983-88 |
||
| 110 |
_aMéxico. Secretaría de Programación y Presupuesto _977206 |
||
| 245 | _aPrograma Nacional de Alimentación 1983-1988 | ||
| 260 |
_aMéxico, D. F. : _bLa Secretaría, _c[1986?] |
||
| 300 | _a291 p. | ||
| 500 | _aD14-207 | ||
| 500 | _aFotocopia | ||
| 590 |
_aBATCH-UPD _b10 _c20130110 _lUCH01 _h1945 |
||
| 590 |
_aBATCH-UPD _b10 _c20130410 _lUCH01 _h1307 |
||
| 590 |
_aBATCH-UPD _b10 _c20130914 _lUCH01 _h0123 |
||
| 590 |
_aCONVERSION _b10 _c20130109 _lUCH01 _h1308 |
||
| 650 | 1 | 4 |
_aAlimentos _xAbastecimiento _xMexico. _94132 |
| 650 | 1 | 4 |
_aPolítica alimentaria. _990389 |
| 901 | _aBK | ||
| 942 | _cLIBRO | ||
| 949 |
_a338.19 M49 1983-88 _bBC _cLIBRO _d-27980 _eLIBRO _h70860 _i15771 _si |
||
| 999 |
_c11613 _d11613 |
||